000
00299nam a2200121Ia 4500
008
190216s9999||||xx |||||||||||||| ||und||
100
_a
Alek Josh
245
0
_a
Indian Economy Its Nature And Problems
260
_b
The World Press Pvt Ltd
_c
1984
300
_a
871p
650
_a
Economics
942
_c
BK
999
_c
9184
_d
9184